000 00719nam a22001937a 4500
999 _c370894
_d370894
008 201130b ||||| |||| 00| 0 eng d
040 _bger
_cDE-2950
_erda
_aDE-2950
041 _ager
245 _aSchüler diskutieren übers Klima.
_bPolitik: Jugendliche handeln in den Bereichen Mobilität, Energiewende und Biodiversität eine Abschlusserklärung aus./
_cred.
264 _c2021
653 _aFrankfurt (Oder)
653 _aKlimapolitik
653 _aUmweltpolitik
773 _dFrankfurt (Oder): Märkisches Verlags- und Druckhaus GmbH & Co KG
_g32. Jahrgang (2021) Nr. 231 vom 04.10.2021, S. 13
_tMärkische Oderzeitung
942 _cA